00469nam a2200157Ia 4500003000400000008004100004040001600045082001800061100002500079245008700104260005300191300001000244650002300254650001200277650002200289GCL140319s9999 xx 000 0 eng d aGCL / cGCL04a613.7068bR M1 aMACKENIZE, MALCOM L.10aMANAGING PHYSICAL EDUCATION FITNESS AND SPORTS PROGRAMMES / cMACKENIZE, MALCOM L. a[S.N] : bMACMILLAN PUBLISHING COMPANY ، c1993 a340 P04aPHYSICAL EDUCATION04aFITNESS04aFITNESS EDUCATION